<?xml version="1.0" encoding="UTF-8"?><?xml-stylesheet type="text/xsl" href="static/style.xsl"?><OAI-PMH xmlns="http://www.openarchives.org/OAI/2.0/" xmlns:xsi="http://www.w3.org/2001/XMLSchema-instance" xsi:schemaLocation="http://www.openarchives.org/OAI/2.0/ http://www.openarchives.org/OAI/2.0/OAI-PMH.xsd"><responseDate>2026-04-29T09:26:45Z</responseDate><request verb="GetRecord" identifier="oai:riubu.ubu.es:10259/10235" metadataPrefix="marc">https://riubu.ubu.es/oai/request</request><GetRecord><record><header><identifier>oai:riubu.ubu.es:10259/10235</identifier><datestamp>2025-02-18T01:05:29Z</datestamp><setSpec>com_10259_5827</setSpec><setSpec>com_10259_5086</setSpec><setSpec>com_10259_2604</setSpec><setSpec>col_10259_7955</setSpec></header><metadata><record xmlns="http://www.loc.gov/MARC21/slim" xmlns:doc="http://www.lyncode.com/xoai" xmlns:xsi="http://www.w3.org/2001/XMLSchema-instance" xmlns:dcterms="http://purl.org/dc/terms/" xsi:schemaLocation="http://www.loc.gov/MARC21/slim http://www.loc.gov/standards/marcxml/schema/MARC21slim.xsd">
<leader>00925njm 22002777a 4500</leader>
<datafield tag="042" ind1=" " ind2=" ">
<subfield code="a">dc</subfield>
</datafield>
<datafield tag="720" ind1=" " ind2=" ">
<subfield code="a">Gerardi, Gisela</subfield>
<subfield code="e">author</subfield>
</datafield>
<datafield tag="720" ind1=" " ind2=" ">
<subfield code="a">Salazar Mardones, Gonzalo</subfield>
<subfield code="e">author</subfield>
</datafield>
<datafield tag="720" ind1=" " ind2=" ">
<subfield code="a">Muñiz Rodríguez, Pilar</subfield>
<subfield code="e">author</subfield>
</datafield>
<datafield tag="720" ind1=" " ind2=" ">
<subfield code="a">Temiño, Virginia</subfield>
<subfield code="e">author</subfield>
</datafield>
<datafield tag="720" ind1=" " ind2=" ">
<subfield code="a">González San José, Mª Luisa</subfield>
<subfield code="e">author</subfield>
</datafield>
<datafield tag="720" ind1=" " ind2=" ">
<subfield code="a">Cavia Saiz, Mónica</subfield>
<subfield code="e">author</subfield>
</datafield>
<datafield tag="260" ind1=" " ind2=" ">
<subfield code="c">2024-04</subfield>
</datafield>
<datafield tag="520" ind1=" " ind2=" ">
<subfield code="a">Las melanoidinas son abundantes en nuestra dieta, y sus efectos beneficiosos para&#xd;
la salud, resultan de gran interés por su bioactividad conocida. Los efectos positivos de las melanoidinas sobre la salud son sus funciones fisiológicas conocidas y principalmente se deben a la capacidad de regulación del estrés oxidativo celular por su actividad antioxidante. Diferentes estudios indican que en la absorción de las melanoidinas éstas pasan al colon donde pueden actuar sobre la microbiota intestinal, además de ser metabolizadas a compuestos de bajo peso molecular que posteriormente son absorbidos y ejercer efectos a nivel endotelial.</subfield>
</datafield>
<datafield tag="024" ind2=" " ind1="8">
<subfield code="a">http://hdl.handle.net/10259/10235</subfield>
</datafield>
<datafield tag="245" ind1="0" ind2="0">
<subfield code="a">Efecto antiinflamatorio de la fracción colónica de melanoidinas extraídas de la corteza de pan</subfield>
</datafield>
</record></metadata></record></GetRecord></OAI-PMH>